000 00332nam a2200133 4500
999 _c9557
_d9557
003 OSt
005 20210705092530.0
008 210705b ||||| |||| 00| 0 eng d
020 _a9783037785997
082 _a307.121607
110 _a Stephen Cairns and Devisari Tunas
245 _aFuture Cities Laboratory: Indicia 02
942 _2ddc